00962nam a2200253 a 4500001001000000003000500010005001700015008004100032010001100073011001100084040000900095100003600104245016600140260004100306500006000347502007100407650002500478650002100503650004100524650002500565700003200590856001600622856007000638000113965CHAP20220329144421.0171013s2017 mx a fsm |||||||spa d a110426 a111398 cCHAP1 aBocanegra Morales, Miguel Angel10aModelos empíricos de crecimiento en maíz en condiciones de riego y temporal /h[En línea]cpor Miguel Angel Bocanegra Morales y Rosa María Mosso Morán. aChapingo, Méx. :bEl autor,c2017. aPara ver el contenido del material haga clic en la liga aTesis (Ing. en Irrigación) -- UACH. Departamento de Irrigación14aMaízxCrecimiento.14aMaízxCultivo.14aMaízxFisiología y morfología.14aMaízxRendimiento.1 aMosso Morán, Rosa María a1 n0000979 aFinding aiduhttp://10.13.5.2/tesis/sist113965.pdfzTeclea aquí